| 000 | 00633 a2200181 4500 | ||
|---|---|---|---|
| 003 | Nust | ||
| 005 | 20170207153203.0 | ||
| 040 | _cNust | ||
| 082 | _a005.1 | ||
| 100 | _aIshaq, Saqib (MSCS-7) | ||
| 245 |
_aDesign and implementation of data warehouse for different applications _cSaqib Ishaq |
||
| 260 |
_bMCS _c2002 _aRwp. |
||
| 300 | _a108 p. | ||
| 505 | _aIntroduction (page-1), Evolution of data warehouse (page-5), Data warehousing concepts (page-13), Building a data warehouse (page-42), Design and implementation (page-70), Conclusion (page-103). | ||
| 538 | _aAlmirah No 73 Shelf No 1 | ||
| 650 | _aMSCS Thesis | ||
| 651 | _aMSCS-7 | ||
| 942 | _cTHS | ||
| 999 |
_c181070 _d181070 |
||